Ant cities / (Record no. 336079)
[ view plain ]
| 000 -LEADER | |
|---|---|
| fixed length control field | 00439nam a2200181Ia 4500 |
| 008 - FIXED-LENGTH DATA ELEMENTS--GENERAL INFORMATION | |
| fixed length control field | 170705s9999 xx 000 0 und d |
| 020 ## - INTERNATIONAL STANDARD BOOK NUMBER | |
| International Standard Book Number | 9780545662307 |
| 245 ## - TITLE STATEMENT | |
| Title | Ant cities / |
| 245 ## - TITLE STATEMENT | |
| Statement of responsibility, etc | Arthur Dorros. |
| 260 ## - PUBLICATION, DISTRIBUTION, ETC. (IMPRINT) | |
| Place of publication, distribution, etc | New York : |
| 260 ## - PUBLICATION, DISTRIBUTION, ETC. (IMPRINT) | |
| Name of publisher, distributor, etc | Scholastic, |
| 260 ## - PUBLICATION, DISTRIBUTION, ETC. (IMPRINT) | |
| Date of publication, distribution, etc | 1987 |
| 300 ## - PHYSICAL DESCRIPTION | |
| Extent | 28 pages : |
| 300 ## - PHYSICAL DESCRIPTION | |
| Other physical details | color illustration ; |
| 300 ## - PHYSICAL DESCRIPTION | |
| Dimensions | 20cm. |
| 440 ## - SERIES STATEMENT/ADDED ENTRY--TITLE | |
| Title | Let's read-and-find-out science stage 2. |
| 500 ## - GENERAL NOTE | |
| General note | 600 |
No items available.